Lucent's General Knowledge 2024 (Record no. 529008)

000 -LEADER
fixed length control field 00256nam a22000977a 4500
082 ## - DEWEY DECIMAL CLASSIFICATION NUMBER
Classification number SNT A72 B11
100 ## - MAIN ENTRY--PERSONAL NAME
Personal name Karna, Binay
9 (RLIN) 50622
245 ## - TITLE STATEMENT
Title Lucent's General Knowledge 2024
Remainder of title by Binay Karna
260 ## - PUBLICATION, DISTRIBUTION, ETC. (IMPRINT)
Place of publication, distribution, etc Patna
Name of publisher, distributor, etc Lucent Publication
Date of publication, distribution, etc 2007
300 ## - PHYSICAL DESCRIPTION
Extent 410p.
Holdings
Withdrawn status Lost status Source of classification or shelving scheme Damaged status Koha normalized classification for sorting Not for loan Permanent location Current location Date acquired Full call number Barcode Date last seen Price effective from Koha item type
        SNT_A72_B11   Indian Institute of Public Administration Indian Institute of Public Administration 2025-02-11 SNT A72 B11 GR25320 2025-02-11 2025-02-11 Book

Powered by Koha